Preksha Dhyana:Human Body (Record no. 224165)
[ view plain ]
| 000 -LEADER | |
|---|---|
| fixed length control field | 00641nam a22002297a 4500 |
| 005 - DATE AND TIME OF LATEST TRANSACTION | |
| control field | 20220725153303.0 |
| 008 - FIXED-LENGTH DATA ELEMENTS--GENERAL INFORMATION | |
| fixed length control field | 220725b ||||| |||| 00| 0 eng d |
| 040 ## - CATALOGING SOURCE | |
| Transcribing agency | AL |
| 041 ## - LANGUAGE CODE | |
| Language code of text/sound track or separate title | English |
| 082 ## - DEWEY DECIMAL CLASSIFICATION NUMBER | |
| Edition number | 23 |
| Classification number | 294.43 |
| Item number | ZAVP |
| 100 ## - MAIN ENTRY--PERSONAL NAME | |
| Personal name | J S Zaveri |
| 100 ## - MAIN ENTRY--PERSONAL NAME | |
| 9 (RLIN) | 53163 |
| 245 ## - TITLE STATEMENT | |
| Title | Preksha Dhyana:Human Body |
| 250 ## - EDITION STATEMENT | |
| Edition statement | 3 |
| 260 ## - PUBLICATION, DISTRIBUTION, ETC. | |
| Place of publication, distribution, etc. | Rajasthan |
| Name of publisher, distributor, etc. | Jain Vishva Bharati |
| Date of publication, distribution, etc. | 1993 |
| 300 ## - PHYSICAL DESCRIPTION | |
| Extent | 105 p. |
| Other physical details | PB |
| Dimensions | 21x13 cm. |
| 440 ## - SERIES STATEMENT/ADDED ENTRY--TITLE | |
| Title | Science of living Series-III |
| Number of part/section of a work | Part II-Health Care |
| 9 (RLIN) | 53164 |
| 650 ## - SUBJECT ADDED ENTRY--TOPICAL TERM | |
| Topical term or geographic name entry element | Human Body |
| 9 (RLIN) | 53165 |
| 650 ## - SUBJECT ADDED ENTRY--TOPICAL TERM | |
| Topical term or geographic name entry element | Nutrition |
| 9 (RLIN) | 53166 |
| 650 ## - SUBJECT ADDED ENTRY--TOPICAL TERM | |
| Topical term or geographic name entry element | Chemistry of life |
| 9 (RLIN) | 53167 |
| 700 ## - ADDED ENTRY--PERSONAL NAME | |
| Personal name | ZAVERI (J S) |
| 9 (RLIN) | 53168 |
| 942 ## - ADDED ENTRY ELEMENTS (KOHA) | |
| Source of classification or shelving scheme | Dewey Decimal Classification |
| Koha item type | George Fernandes Collections |
| Withdrawn status | Lost status | Source of classification or shelving scheme | Damaged status | Not for loan | Collection code | Home library | Current library | Date acquired | Total Checkouts | Full call number | Barcode | Date last seen | Price effective from | Koha item type |
|---|---|---|---|---|---|---|---|---|---|---|---|---|---|---|
| Dewey Decimal Classification | Others | St Aloysius Library | St Aloysius Library | 03/23/2013 | 294.43 ZAVP | GF03542 | 07/25/2022 | 07/25/2022 | George Fernandes Collections |